Catálogo
 En Linea

Libros de Luca / (Registro nro. 46085)

Detalles MARC
000 -CABECERA
campo de control de longitud fija 00672nam a2200193 u 4500
001 - NÚMERO DE CONTROL
campo de control 000046596
005 - FECHA Y HORA DE LA ÚLTIMA TRANSACCIÓN
campo de control 20201002053004.0
008 - DATOS DE LONGITUD FIJA--INFORMACIÓN GENERAL
campo de control de longitud fija 170124s2009 sp r 000 0 spa d
020 ## - NÚMERO INTERNACIONAL ESTÁNDAR DEL LIBRO
Número Internacional Estándar del Libro 9788483650806
040 ## - FUENTE DE LA CATALOGACIÓN
Centro catalogador/agencia de origen DO-SdBNP
Lengua de catalogación spa
Centro/agencia transcriptor BNPHU
082 ## - NÚMERO DE LA CLASIFICACIÓN DECIMAL DEWEY
Número de clasificación xxxx
Número de documento/Ítem xxxx
100 1# - ENTRADA PRINCIPAL--NOMBRE DE PERSONA
Nombre de persona Birkegaard, Mikkel
9 (RLIN) 74570
240 10 - TÍTULO UNIFORME
Título uniforme Libri di Luca
Lenguaje de la obra Español
245 10 - MENCIÓN DE TÍTULO
Título Libros de Luca /
Mención de responsabilidad, etc. Mikkel Birkegaard ; traducción Christian Kupchik.
260 ## - PUBLICACIÓN, DISTRIBUCIÓN, ETC.
Lugar de publicación, distribución, etc. Madrid :
Nombre del editor, distribuidor, etc. Suma,
Fecha de publicación, distribución, etc. 2009.
300 ## - DESCRIPCIÓN FÍSICA
Extensión 549 p. ;
Dimensiones 23 cm.
500 ## - NOTA GENERAL
Nota general Todos los amantes de los libros saben del poder de la palabra escrita, pero no se imaginan hasta dónde puede llegar
700 1# - PUNTO DE ACCESO ADICIONAL--NOMBRE DE PERSONA
Nombre de persona Kupchik, Christian
Término indicativo de función/relación tr.
9 (RLIN) 74571
Existencias
Estado de retiro Estado de pérdida Restricciones de uso No para préstamo Código de colección Localización permanente Ubicación/localización actual Ubicación en estantería Fecha de adquisición Número de inventario Total de préstamos Signatura topográfica completa Código de barras Fecha visto por última vez Precio válido a partir de Tipo de ítem Koha
    Préstamo interno   Monografías: Libros y Folletos General General En catalogación 24.01.2017 LF1   xxxx xxxx 46596-10 25.06.2020 25.06.2020 Préstamo interno

Con tecnología Koha